000
00232nam a2200085Ia 4500
008
170620s9999 xx 000 0 und d
100
_a
MacDougall- William
245
2
_a
A Text Book of Psychology
260
_b
New Delhi- Discovery Publishing House
260
_c
1994
999
_c
25052
_d
25052